[Event "NRW-ch U16 Girls"]
[Site "Kranenburg"]
[Date "2009.04.15"]
[Round "4"]
[White "Sturm, Johanna"]
[Black "Deichsler, Janina"]
[Result "1/2-1/2"]
[WhiteElo "1292"]
[BlackElo "1137"]
[PlyCount "56"]
[EventDate "2009.04.13"]
[EventType "swiss"]
[EventRounds "7"]
[EventCountry "GER"]
[SourceTitle "EXT 2010"]
[Source "ChessBase"]
[SourceDate "2010.11.25"]
[SourceVersion "1"]
[SourceVersionDate "2010.11.25"]
[SourceQuality "1"]

1. e4 c5 2. Nf3 g6 3. Bc4 Nf6 4. Nc3 Bg7 5. d3 0-0 6. a3 Nc6 7. Bg5 e6 8. e5 h6 9. Bxf6 Bxf6 10. exf6 Qxf6 11. 0-0 a5 12. Bb5 Ne5 13. Nxe5 Qxe5 14. Qd2 Qh5 15. Ne4 Qh4 16. Qc3 f5 17. Nd6 b6 18. Nxc8 Raxc8 19. Bxd7 Rc7 20. Bxe6+ Kh7 21. Qe5 Re7 22. Rfe1 Rfe8 23. Qd6 Qd4 24. Qxb6 Qd5 25. c4 Rxe6 26. Rxe6 Qxe6 27. Qxa5 Qe2 28. Qc3 Rd8 1/2-1/2

[Event "NRW-ch U16 Girls"]
[Site "Kranenburg"]
[Date "2009.04.14"]
[Round "3"]
[White "Deichsler, Janina"]
[Black "Braeuer, Ann Kathrin"]
[Result "1-0"]
[WhiteElo "1137"]
[BlackElo "1065"]
[PlyCount "165"]
[EventDate "2009.04.13"]
[EventType "swiss"]
[EventRounds "7"]
[EventCountry "GER"]
[SourceTitle "EXT 2010"]
[Source "ChessBase"]
[SourceDate "2010.11.25"]
[SourceVersion "1"]
[SourceVersionDate "2010.11.25"]
[SourceQuality "1"]

1. e4 c5 2. d3 Nc6 3. Nd2 e6 4. Ngf3 Bd6 5. g3 Nf6 6. Bg2 0-0 7. 0-0 Bc7 8. Re1 Re8 9. Nf1 d6 10. h4 e5 11. N1h2 Ng4 12. Ng5 Nxh2 13. Kxh2 h6 14. Nf3 Bg4 15. Be3 Rf8 16. Qd2 b6 17. Kg1 d5 18. Nh2 Be6 19. Nf3 d4 20. Bxh6 Qf6 21. Bg5 Qg6 22. h5 Qxh5 23. Bh4 f6 24. Nh2 g5 25. Bf3 Qh7 26. Bxg5 fxg5 27. Qxg5+ Qg7 28. Qxg7+ Kxg7 29. Bg2 Nb4 30. Rf1 Nxc2 31. Rac1 Nb4 32. a3 Nxd3 33. Rc2 Nxb2 34. Rxb2 c4 35. Nf3 Bg4 36. Nh4 c3 37. Rc2 b5 38. Rb1 a6 39. Bf1 Rfd8 40. f3 Be6 41. Bd3 Bc4 42. Bxc4 bxc4 43. Nf5+ Kf6 44. Kg2 Rab8 45. Rh1 Rb2 46. Rhc1 Rxc2+ 47. Rxc2 d3 48. Rxc3 d2 49. Ne3 Ba5 50. Rxc4 Rd3 51. Ng4+ Ke6 52. Nf2 Rxa3 53. Rc6+ Kd7 54. Rxa6 Bb4 55. Rxa3 Bxa3 56. Nd1 Kc6 57. Kf2 Kc5 58. Ke3 Bb4 59. g4 Kc4 60. g5 Kb3 61. g6 Kc2 62. g7 Kxd1 63. g8Q Kc2 64. Qc4+ Bc3 65. Qd3+ Kb3 66. Ke2 Kb4 67. Kd1 Kb3 68. Qe3 Kc4 69. f4 exf4 70. Qxf4 Kc5 71. Qe3+ Kc4 72. e5 Kd5 73. Qxc3 Ke6 74. Kxd2 Ke7 75. Qc6 Kf7 76. Ke3 Ke7 77. Kf4 Kf7 78. Kf5 Ke7 79. Qe6+ Kd8 80. Qd6+ Ke8 81. Qc7 Kf8 82. Kf6 Kg8 83. Qg7# 1-0

[Event "NRW-ch U14 Girls"]
[Site "Kranenburg"]
[Date "2008.03.29"]
[Round "7"]
[White "Memili, Serena Guelsen"]
[Black "Deichsler, Janina"]
[Result "1-0"]
[WhiteElo "1073"]
[BlackElo "833"]
[PlyCount "79"]
[EventDate "2008.03.24"]
[EventType "swiss"]
[EventRounds "7"]
[EventCountry "GER"]
[SourceTitle "EXT 2009"]
[Source "ChessBase"]
[SourceDate "2008.11.26"]
[SourceVersion "1"]
[SourceVersionDate "2008.11.26"]
[SourceQuality "1"]

1. e4 c5 2. g3 Nc6 3. Bg2 g6 4. Ne2 Bg7 5. c3 e6 6. d4 cxd4 7. cxd4 Nge7 8. 0-0 d5 9. e5 0-0 10. f4 Qb6 11. Qb3 Qb4 12. Qxb4 Nxb4 13. Nbc3 Nf5 14. Bd2 Nc2 15. Rac1 Nce3 16. Bxe3 Nxe3 17. Rf3 Nxg2 18. Kxg2 b6 19. Nb5 Bd7 20. Na3 Rfc8 21. Rfc3 Bf8 22. Rc7 Rxc7 23. Rxc7 Bc8 24. Nc2 Ba6 25. Kf2 Bxe2 26. Kxe2 a5 27. Rb7 a4 28. Rxb6 a3 29. b3 Be7 30. b4 Bd8 31. Rb7 g5 32. Kd3 h5 33. Kc3 h4 34. Kb3 hxg3 35. hxg3 g4 36. Nxa3 Bh4 37. gxh4 g3 38. Rc7 Ra7 39. Rc1 Kh7 40. Rg1 1-0

[Event "NRW-ch U14 Girls"]
[Site "Kranenburg"]
[Date "2008.03.28"]
[Round "6"]
[White "Deichsler, Janina"]
[Black "Sturm, Johanna"]
[Result "0-1"]
[WhiteElo "833"]
[BlackElo "1092"]
[PlyCount "62"]
[EventDate "2008.03.24"]
[EventType "swiss"]
[EventRounds "7"]
[EventCountry "GER"]
[SourceTitle "EXT 2009"]
[Source "ChessBase"]
[SourceDate "2008.11.26"]
[SourceVersion "1"]
[SourceVersionDate "2008.11.26"]
[SourceQuality "1"]

1. e4 e5 2. Nf3 Nc6 3. d4 exd4 4. Bc4 Be7 5. c3 dxc3 6. Qd5 Nh6 7. Bxh6 0-0 8. Nxc3 gxh6 9. Qf5 d6 10. Rd1 Bxf5 11. exf5 Re8 12. 0-0 Qd7 13. Nd4 Nxd4 14. Rxd4 Qxf5 15. Bd3 Qf6 16. Rg4+ Kh8 17. Nd5 Qe6 18. Ne3 Bg5 19. Bf5 Qf6 20. Bd7 Red8 21. Nd5 Qxb2 22. Bf5 Rg8 23. Rg3 Bf6 24. Rh3 Qe5 25. Ne3 Bg5 26. Bg4 Bxe3 27. fxe3 Rxg4 28. Rxf7 Qd5 29. Rhf3 Rag8 30. g3 R4g7 31. R7f5 Qxa2 0-1

[Event "NRW-ch U14 Girls"]
[Site "Kranenburg"]
[Date "2008.03.25"]
[Round "3"]
[White "Berger, Melanie"]
[Black "Deichsler, Janina"]
[Result "1-0"]
[WhiteElo "1277"]
[BlackElo "833"]
[PlyCount "75"]
[EventDate "2008.03.24"]
[EventType "swiss"]
[EventRounds "7"]
[EventCountry "GER"]
[SourceTitle "EXT 2009"]
[Source "ChessBase"]
[SourceDate "2008.11.26"]
[SourceVersion "1"]
[SourceVersionDate "2008.11.26"]
[SourceQuality "1"]

1. e4 c5 2. Bc4 Nc6 3. Nf3 g6 4. c3 Nf6 5. d3 Bg7 6. 0-0 e6 7. Bb3 Qc7 8. Be3 Ng4 9. Bxc5 Nce5 10. Nxe5 Qxe5 11. Qxg4 Qxc5 12. Re1 Bh6 13. Qf3 0-0 14. Rd1 b6 15. Nd2 Qd6 16. Qh3 Bg5 17. Nf3 Bf4 18. g3 h5 19. gxf4 Qxf4 20. Qg3 Qxg3+ 21. fxg3 Bb7 22. Ne5 d5 23. exd5 exd5 24. Nd7 Rfd8 25. Nf6+ Kg7 26. Rf1 d4 27. Nxh5+ Kh6 28. Nf4 dxc3 29. bxc3 g5 30. Ne2 Rxd3 31. Rxf7 Bf3 32. Re1 Re8 33. Rf6+ Kh5 34. Bf7+ Kg4 35. Bxe8 Bxe2 36. Rxe2 Rd1+ 37. Kg2 a5 38. Re4# 1-0